00943nam a22002657a 4500001001000000005001700010006001900027008004100046010001400087020002300101035001300124037001500137040001200152082001500164100002100179245005100200260005000251300003700301490007300338500005100411650002900462856006000491856006700551856005900618ENG-9058020040621203124.0a|||||r|||||00| 0 080723t xxu||||| |||| 00| 0 eng d aENG-90580 a0070621004c300.00 aEN-74113 bDBAD / PUB aDPLbEN a332.632044 aDun & Bradstreet aFixed income securities /cby Dun & Bradstreet aNew DelhibTata McGraw-Hill Publishingcc2008 aix, 172 p. :bill. ;c22 cm.(Hb) aDun & Bradstreet-McGraw-Hill professional: finance essentials series aIncludes bibliographical references and index. aFixed-income securities. uhttp://www.loc.gov/catdir/bios/wiley044/2002278936.html uhttp://www.loc.gov/catdir/description/wiley037/2002278936.html uhttp://www.loc.gov/catdir/toc/wiley022/2002278936.html